| 000 | 00423nam a2200145 a 4500 | ||
|---|---|---|---|
| 001 | 5135 | ||
| 003 | CDMR | ||
| 005 | 20130305173857.0 | ||
| 008 | 130130s1992||||||||||||||||||||||||||||d | ||
| 040 |
_aCDMR _bcat _cCDMR |
||
| 110 | 2 |
_92836 _aBiblioteca-Museu Balaguer |
|
| 245 | 1 | 4 | _aLes revistes americanes de la Biblioteca-Museu V. Balaguer |
| 260 |
_aVilanova i la GeltrĂș _c1992 _bBiblioteca-Museu V. Balaguer |
||
| 942 |
_cMON _2udc |
||
| 999 |
_c5135 _d5135 |
||